=LDR 00000nam 2200000 4500 =001 INLIS000000000047170 =005 20150831153810.0 =006 =007 =008 =035 ##$$0010-081500000000084 =082 ##$$a 028.5 =090 ##$$a 028.5 mua b.3 =100 ##$$a alli muakhir =245 ##$$a belasan yang setimpal =260 ##$$a bumi aksara gruop =300 ##$$a hln.23 =850 ##$$a NPBMAT